The trial of Bhagat singh : (Record no. 129416)

MARC details
000 -LEADER
fixed length control field 00717nam a22002297a 4500
005 - DATE AND TIME OF LATEST TRANSACTION
control field 20170124110055.0
010 ## - LIBRARY OF CONGRESS CONTROL NUMBER
LC control number A-845281
020 ## - INTERNATIONAL STANDARD BOOK NUMBER
Terms of availability 00.00
035 ## - SYSTEM CONTROL NUMBER
System control number A-845281
037 ## - SOURCE OF ACQUISITION
Source of stock number/acquisition Cen Lib/Ret
040 ## - CATALOGING SOURCE
Original cataloging agency DPL
Language of cataloging EN
082 ## - DEWEY DECIMAL CLASSIFICATION NUMBER
Classification number 954.0841
Item number NOO
100 ## - MAIN ENTRY--PERSONAL NAME
Personal name Noorani, A. G.
9 (RLIN) 4247
245 ## - TITLE STATEMENT
Title The trial of Bhagat singh :
Statement of responsibility, etc by A. G. Noorani
Remainder of title politics of justice /
260 ## - PUBLICATION, DISTRIBUTION, ETC. (IMPRINT)
Place of publication, distribution, etc Delhi
Name of publisher, distributor, etc Konark Publishers
Date of publication, distribution, etc 1996
270 ## - ADDRESS
City Delhi
Address A-149, Main Vikas Marg
Postal code 110092
300 ## - PHYSICAL DESCRIPTION
Extent xx,339p.
Dimensions 21cm(Hb)
500 ## - GENERAL NOTE
General note Includes index<br/>
650 ## - SUBJECT ADDED ENTRY--TOPICAL TERM
Topical term or geographic name as entry element Singh, Bhagat -- Trials, litigation, etc
9 (RLIN) 26307
650 ## - SUBJECT ADDED ENTRY--TOPICAL TERM
Topical term or geographic name as entry element Trials (Treason) -- Pakistan -- Lahore
9 (RLIN) 26308
942 ## - ADDED ENTRY ELEMENTS (KOHA)
Source of classification or shelving scheme Dewey Decimal Classification
Koha item type English Books
Classification part 954.0841
Call number suffix NOO
Holdings
Withdrawn status Lost status Damaged status Not for loan Home library Current library Date acquired Source of acquisition Cost, normal purchase price Total Checkouts Full call number Barcode Date last seen Date checked out Copy number Cost, replacement price Price effective from Koha item type
        Central Library Central Library 06/07/2015 Cen Lib/Ret 0.00 3 954.0841 NOO A-845281 18/12/2021 04/12/2021 1 0.00 06/07/2015 English Books

© Delhi Public Library
Hit Counter
free hit counter